Magyar egyesületek az egykori Felső-Magyarországon és az első Csehszlovák Köztársaságban 1

Bibliographic Details
Main Author: Turczel, Lajos (Author)
Format: Article
Language:Hungarian
PhysicalDescription:Obr. 1
Subjects:

MARC

LEADER 00000nab a2200000 a 4500
001 vtls000516917
003 SK-MaSNL
005 20260318122050.0
008 160202c1994 xo 0 hun
015 |a SNBRB19rr/mm-uuuuu 
035 |a CL0517055 
040 |a SNKBUCL  |b slo  |c SNKBUCL  |e AACR2 
041 0 |a hun 
044 |a xo  |c SK 
080 |a 943.76"1867/1939"  |2 1981 
080 |a 943.92"1867/1918"  |2 1981 
080 |a 943.7"1918/1939"  |2 1981 
100 1 |a Turczel, Lajos  |4 aut  |9 375107 
245 1 0 |a Magyar egyesületek az egykori Felső-Magyarországon és az első Csehszlovák Köztársaságban 1  |c Lajos Turczel 
300 |b Obr. 1 
500 |a Začiatok 
650 0 7 |a spolky maďarské  |2 snkbucl  |9 1590926 
651 7 |a Československo  |2 snkbucl  |9 21376 
651 7 |a Slovensko  |2 snkbucl  |9 14231 
655 7 |a články z novín a časopisov  |2 snkbucl  |9 267496 
773 0 |t Keleti napló  |g Roč. 5, č. 5 (1994), s. 10-11 
850 |a Slovenská národná knižnica v Martine  |a DSG001 
852 |a SNK  |b KIS3GCP 
958 |a RK 
958 |a HU 
992 |a RBX 
999 |c 3263696  |d 3265626